Poisonous plants : (Record no. 124934)
[ view plain ]
| 000 -LEADER | |
|---|---|
| fixed length control field | 01031cam a22002654a 4500 |
| 001 - CONTROL NUMBER | |
| control field | 13925538 |
| 005 - DATE AND TIME OF LATEST TRANSACTION | |
| control field | 20211215101803.0 |
| 008 - FIXED-LENGTH DATA ELEMENTS--GENERAL INFORMATION | |
| fixed length control field | 050411s2005 orua bf 001 0 eng |
| 020 ## - INTERNATIONAL STANDARD BOOK NUMBER | |
| International Standard Book Number | 0881927503 |
| 040 ## - CATALOGING SOURCE | |
| Transcribing agency | PK-LaUMT |
| 082 00 - DEWEY DECIMAL CLASSIFICATION NUMBER | |
| Classification number | 581.659 |
| Edition number | 22 |
| Item number | FRO-P |
| 100 1# - MAIN ENTRY--PERSONAL NAME | |
| Personal name | Frohne, Dietrich |
| 245 10 - TITLE STATEMENT | |
| Title | Poisonous plants : |
| Remainder of title | a handbook for doctors, pharmacists, toxicologists, biologists and veterinarians / |
| Statement of responsibility, etc | Dietrich Frohne and Hans Jürgen Pfänder ; translated by Inge Alford ; consultant editors to the English edition and appendix, Patrick McKinney and Kirk Cumpston. |
| 250 ## - EDITION STATEMENT | |
| Edition statement | 2nd ed. |
| 260 ## - PUBLICATION, DISTRIBUTION, ETC. (IMPRINT) | |
| Place of publication, distribution, etc | Portland, Or. : |
| Name of publisher, distributor, etc | Timber Press, |
| Date of publication, distribution, etc | 2005 |
| 300 ## - PHYSICAL DESCRIPTION | |
| Extent | viii, 469 p. : |
| Other physical details | ill. (some col.) ; |
| Dimensions | 28 cm. |
| 500 ## - GENERAL NOTE | |
| General note | "Translated from the German fifth edition (2004)"--T.p. verso. |
| 650 #0 - SUBJECT ADDED ENTRY--TOPICAL TERM | |
| Topical term or geographic name as entry element | Poisonous plants |
| 650 #0 - SUBJECT ADDED ENTRY--TOPICAL TERM | |
| Topical term or geographic name as entry element | Poisonous plants |
| General subdivision | Toxicology |
| 650 #0 - SUBJECT ADDED ENTRY--TOPICAL TERM | |
| Topical term or geographic name as entry element | Poisonous plants |
| 650 #0 - SUBJECT ADDED ENTRY--TOPICAL TERM | |
| Topical term or geographic name as entry element | Poisonous plants |
| Geographic subdivision | Europe |
| 650 #0 - SUBJECT ADDED ENTRY--TOPICAL TERM | |
| Topical term or geographic name as entry element | Poisonous plants |
| Geographic subdivision | Europe |
| 700 1# - ADDED ENTRY--PERSONAL NAME | |
| Personal name | Pfänder, Hans Jürgen. |
| 942 ## - ADDED ENTRY ELEMENTS (KOHA) | |
| Koha item type | Books |
| Withdrawn status | Lost status | Damaged status | Home library | Current library | Date acquired | Full call number | Barcode | Date last seen | Price effective from | Koha item type |
|---|---|---|---|---|---|---|---|---|---|---|
| UMT Health Sciences Campus | UMT Health Sciences Campus | 2021-12-15 | 581.659 FRO-P | 140218 | 2021-12-15 | 2021-12-15 | Books |
